000 00348nam a22001457a 4500
020 _a978-93-88818-99-5
041 _aENG
100 _aRangaswamy , R
245 _aA TexBook Of Agricultural Statistcs
250 _aThird
260 _aNew Delhi
_bNew Age International Pub
_c2020
300 _a531
650 _aUPSC
856 _uCompetitive Exam
999 _c153
_d153